[Event "Xtracon Chess Open 2017"]
[Site "Helsingor DEN"]
[Date "2017.07.26"]
[Round "6.184"]
[White "Jacobsen, Jerlow Lytomt"]
[Black "Madsen, Svend"]
[Result "0-1"]
[WhiteElo "1415"]
[BlackElo "1673"]
[WhiteFideId "1521390"]
[BlackFideId "1419846"]
[EventDate "2017.07.22"]

1. e4 e5 2. Nf3 Nc6 3. Nc3 Nf6 4. d4 exd4 5. Nxd4 d6 6. Bb5 Bd7 7. O-O Be7 8.
Bg5 O-O 9. Re1 Nxd4 10. Qxd4 Bxb5 11. Nxb5 a6 12. Nc3 Re8 13. Rad1 Qc8 14. Nd5
Nxd5 15. Qxd5 Bxg5 16. Qxg5 Re5 17. Qg3 Qe8 18. Qd3 d5 19. f3 dxe4 20. Rxe4 Rxe4
21. Qxe4 Qxe4 22. fxe4 Kf8 23. Kf2 Ke7 24. b4 Ke6 25. Kf3 Rc8 26. a3 c5 27. b5
b6 28. bxa6 Ra8 29. c4 Rxa6 30. Rd3 Ra4 31. Rc3 Kd6 32. Kf4 Kc6 33. Ke5 Ra7 34.
Rd3 Re7+ 35. Kf4 b5 36. cxb5+ Kxb5 37. Rc3 Ra7 38. Ke5 Ra4 39. Kd5 Rd4+ 40. Ke5
Kc6 41. g4 Rd2 42. h3 Rd4 43. Kf4 c4 44. Ke3 Kc5 45. Kf4 Rd1 46. Ke3 g5 47. Ke2
Rh1 48. Rf3 Kd4 49. Rxf7 Rxh3 50. Rd7+ Kxe4 51. Re7+ Kf4 52. Rc7 Rh2+ 53. Kd1
Ke3 54. Re7+ Kd3 55. Rd7+ Kc3 56. Rf7 Rh1+ 57. Ke2 Kb3 58. Rf3+ c3 59. Kd3 Rg1
60. Rf7 Rg3+ 61. Ke2 Rxg4 62. Rb7+ Kxa3 63. Rxh7 Kb3 64. Rh1 c2 65. Kd2 Rd4+ 66.
Kc1 Kc3 67. Rh3+ Rd3 68. Rh1 g4 69. Rg1 Kb3 70. Rf1 g3 71. Re1 g2 72. Rg1 Rd1+
73. Rxd1 cxd1=Q+ 74. Kxd1 g1=Q+ 0-1

[Event "Xtracon Chess Open 2017"]
[Site "Helsingor DEN"]
[Date "2017.07.26"]
[Round "6.185"]
[White "Huse, Arne Kjelsbol"]
[Black "Sather, Lars"]
[Result "0-1"]
[WhiteElo "1352"]
[BlackElo "1661"]
[WhiteFideId "1520709"]
[BlackFideId "1501712"]
[EventDate "2017.07.22"]

1. e4 e6 2. d4 d5 3. e5 c5 4. c3 Nc6 5. Bb5 cxd4 6. cxd4 Ne7 7. Ne2 Bd7 8. Ba4
Nf5 9. Bc2 Bb4+ 10. Nbc3 Nfe7 11. O-O O-O 12. Qd3 Ng6 13. Qg3 Qh4 14. Bxg6 Qxg3
15. Bxf7+ Rxf7 16. hxg3 Ne7 17. a3 Ba5 18. b4 Bb6 19. Bb2 Rc8 20. Rac1 Nf5 21.
Rfd1 Rcf8 22. f3 Ne3 23. Rd3 Nc4 24. Rc2 Nxe5 25. Rd1 Nc4 26. Rd3 Rc8 27. Bc1
Be8 28. f4 Rfc7 29. Rf3 Nd6 30. Bb2 Bg6 31. Rc1 Bh5 32. Re3 Nc4 33. Nb5 Rc6 34.
Rb3 Bxe2 35. Re1 Bg4 36. Bc1 a6 37. Nc3 Bxd4+ 38. Kh2 Nd6 39. Na2 Rc2 0-1

[Event "Xtracon Chess Open 2017"]
[Site "Helsingor DEN"]
[Date "2017.07.26"]
[Round "6.186"]
[White "Ski, Alexander K."]
[Black "Leonhardsen, Vebjorn Maanum"]
[Result "1/2-1/2"]
[WhiteElo "1658"]
[BlackElo "1443"]
[WhiteFideId "1521659"]
[BlackFideId "1539515"]
[EventDate "2017.07.22"]

1. e4 c6 2. d4 d5 3. Nc3 dxe4 4. Nxe4 Bf5 5. Ng3 Bg6 6. Nh3 h6 7. Nf4 Bh7 8. Bc4
Nf6 9. O-O Nd5 10. c3 e6 11. Re1 Be7 12. Qg4 Rg8 13. Nxd5 cxd5 14. Bb5+ Nd7 15.
f4 a6 16. Ba4 b5 17. Bb3 Nf6 18. Qf3 Ne4 19. Bc2 Nf6 20. Bxh7 Nxh7 21. f5 Nf8
22. Bd2 Rc8 23. Re2 Rc6 24. Rf1 Bf6 25. Nh5 Nh7 26. Nf4 Ng5 27. Qh5 Kf8 28. h4
Ne4 29. fxe6 Rxe6 30. Nxe6+ fxe6 31. Qf3 Ke8 32. g4 Rf8 33. g5 Bxd4+ 34. cxd4
Rxf3 35. Rxf3 hxg5 36. Bb4 Qb6 37. Rf8+ Kd7 38. Rf7+ Ke8 1/2-1/2

[Event "Xtracon Chess Open 2017"]
[Site "Helsingor DEN"]
[Date "2017.07.26"]
[Round "6.187"]
[White "Gelders, Hanne"]
[Black "Shehzad, Kasher"]
[Result "0-1"]
[WhiteElo "1206"]
[BlackElo "1650"]
[WhiteFideId "249033"]
[BlackFideId "1521934"]
[EventDate "2017.07.22"]

1. d4 d6 2. e3 c6 3. Bd3 Qc7 4. Nf3 Bg4 5. Nbd2 Nd7 6. h3 Bh5 7. b3 Ngf6 8. Bb2
e5 9. O-O O-O-O 10. c4 Re8 11. e4 exd4 12. Bxd4 Ne5 13. Bxe5 dxe5 14. a3 Rd8 15.
Qc2 Bc5 16. b4 Bd4 17. Nxd4 Rxd4 18. Nb3 Rd7 19. Nc5 Rd6 20. a4 Rhd8 21. a5 Nd7
22. Be2 Bxe2 23. Qxe2 Nxc5 24. bxc5 Rd2 25. Qg4+ Qd7 26. Qxg7 Qe6 27. Qxh7 Qe7
28. Rab1 a6 29. Qf5+ Kb8 30. Qf3 R2d3 31. Qe2 Qxc5 32. Qb2 R8d7 33. Qb4 Qd4 34.
Qf8+ Ka7 35. Qb4 Qxe4 36. Qb6+ Ka8 37. Qc5 Qf5 38. Qf8+ Rd8 39. Qb4 Qd7 40. Rfe1
f6 41. g3 Qg7 42. Kg2 Rg8 43. g4 Rh8 44. f3 Qh7 45. h4 Rhd8 46. Re2 R3d4 47. h5
Qf7 48. Rc2 e4 49. fxe4 Rxe4 50. Rcb2 Rxg4+ 51. Kf2 Rd7 52. h6 Qg8 53. h7 Rg2+
54. Kf1 Rg1+ 55. Kf2 Qg3+ 56. Ke2 Rg2+ 57. Kf1 Qf3+ 58. Ke1 Rg1# 0-1

[Event "Xtracon Chess Open 2017"]
[Site "Helsingor DEN"]
[Date "2017.07.26"]
[Round "6.188"]
[White "Starup, Leo"]
[Black "Hjornevik, Oyvind"]
[Result "1/2-1/2"]
[WhiteElo "1629"]
[BlackElo "1365"]
[WhiteFideId "1422669"]
[BlackFideId "1516159"]
[EventDate "2017.07.22"]

1. e4 e6 2. d4 d5 3. exd5 exd5 4. Nf3 Nf6 5. Be2 Bd6 6. Nc3 O-O 7. O-O Bg4 8. h3
Bf5 9. b3 c6 10. Re1 Qc8 11. Bf1 Qc7 12. a4 Bb4 13. Bb2 Ne4 14. Re3 Nd7 15. Nxe4
Bxe4 16. c4 Bxf3 17. Qxf3 Nf6 18. Bd3 Rfe8 19. Rd1 Bd6 20. Rde1 Qa5 21. R1e2 Qc7
22. Qf5 Rxe3 23. Rxe3 Qd7 24. c5 Qxf5 25. Bxf5 Bc7 26. Re7 Ne8 27. Bc1 b6 28. b4
bxc5 29. bxc5 Kh8 30. Re2 f6 31. Kf1 h6 32. Bd3 Ba5 33. Bf5 1/2-1/2

[Event "Xtracon Chess Open 2017"]
[Site "Helsingor DEN"]
[Date "2017.07.26"]
[Round "6.189"]
[White "Jansson, Helge"]
[Black "Jensen, Johannes Frank"]
[Result "1-0"]
[WhiteElo "1627"]
[BlackElo "1170"]
[WhiteFideId "1523198"]
[BlackFideId "1457942"]
[EventDate "2017.07.22"]

1. e4 d5 2. exd5 Qxd5 3. Nf3 Bg4 4. Be2 Qa5 5. O-O c6 6. d4 e6 7. c4 Nf6 8. Be3
Qh5 9. Nc3 Bd6 10. Ne5 Bxe5 11. dxe5 Bxe2 12. Qxe2 Qxe2 13. Nxe2 Ne4 14. f3 Nd7
15. fxe4 Nxe5 16. b3 O-O-O 17. Rfd1 a6 18. Bb6 Rd3 19. Rxd3 Nxd3 20. Rd1 Ne5 21.
h3 g6 22. Kf2 h5 23. Nc3 f5 24. Bd4 Rd8 25. Bxe5 Rxd1 26. Nxd1 Kd7 27. c5 fxe4
28. Nc3 Ke7 29. Nxe4 h4 30. Ke3 a5 31. Kf4 Kf7 32. Nd6+ Kg8 33. Nc4 g5+ 34. Kxg5
a4 35. bxa4 Kf7 36. Nd6+ Ke7 37. Nxb7 Kd7 38. Nd6 Ke7 39. a5 Kd7 40. a6 Kc7 41.
Ne8+ Kc8 42. Ng7 Kd7 43. a7 Ke7 44. a8=Q Kd7 45. Qe8# 1-0

[Event "Xtracon Chess Open 2017"]
[Site "Helsingor DEN"]
[Date "2017.07.26"]
[Round "6.191"]
[White "Jensen, Hans Askov"]
[Black "Gardarsson, Hordur"]
[Result "1/2-1/2"]
[WhiteElo "1481"]
[BlackElo "1710"]
[WhiteFideId "1419889"]
[BlackFideId "2303604"]
[EventDate "2017.07.22"]

1. e4 d5 2. exd5 Nf6 3. Bb5+ Bd7 4. Bc4 Bf5 5. Nc3 Nbd7 6. Nf3 Nb6 7. Bb5+ Bd7
8. Bxd7+ Qxd7 9. O-O Nbxd5 10. Nxd5 Qxd5 11. d3 e5 12. Nxe5 O-O-O 13. Ng4 h5 14.
Ne3 Qc6 15. a4 Bd6 16. Nf5 g6 17. Nxd6+ Qxd6 18. h3 Rdg8 19. Bd2 g5 20. b4 h4
21. Bc3 Rh7 22. Bxf6 Qxf6 23. Qg4+ Kb8 24. a5 Qe6 25. Qe4 Qxe4 26. dxe4 Rhg7 27.
g4 hxg3 28. fxg3 Rh7 29. Kg2 c6 30. Rad1 Kc7 31. c4 Rgh8 32. Rh1 1/2-1/2

[Event "Xtracon Chess Open 2017"]
[Site "Helsingor DEN"]
[Date "2017.07.26"]
[Round "6.192"]
[White "Christoffersen, Micki Aron"]
[Black "Kristensen, Lars Ostergaard"]
[Result "0-1"]
[WhiteElo "1444"]
[BlackElo "1701"]
[WhiteFideId "1454021"]
[BlackFideId "1415018"]
[EventDate "2017.07.22"]

1. e4 c6 2. Nf3 d5 3. exd5 cxd5 4. d4 Nf6 5. Bd3 Bg4 6. Nbd2 e6 7. h3 Bh5 8. c4
Be7 9. c5 Nc6 10. Qa4 O-O 11. b4 a6 12. b5 axb5 13. Qxb5 Qc7 14. Qb1 Bg6 15.
Bxg6 hxg6 16. Qc2 e5 17. Nb3 exd4 18. Nbxd4 Nxd4 19. Qb2 Nxf3+ 20. gxf3 Bxc5 21.
Qc2 Bb4+ 22. Kf1 Qxc2 0-1

[Event "Xtracon Chess Open 2017"]
[Site "Helsingor DEN"]
[Date "2017.07.26"]
[Round "6.193"]
[White "Tjora, Alexander"]
[Black "Petersen, Jan"]
[Result "1/2-1/2"]
[WhiteElo "1434"]
[BlackElo "1628"]
[WhiteFideId "1528203"]
[BlackFideId "1426320"]
[EventDate "2017.07.22"]

1. d4 e6 2. c4 f5 3. Nc3 Bb4 4. Nf3 b6 5. Bg5 Nf6 6. e3 Bb7 7. Rc1 O-O 8. Be2
Qe8 9. h4 d6 10. O-O Bxc3 11. Rxc3 Ne4 12. Rc1 Nd7 13. Bf4 e5 14. Bh2 Qe7 15.
Qb3 c5 16. d5 f4 17. exf4 exf4 18. Bd3 Rae8 19. Rfe1 Ndf6 20. Ng5 Nd2 21. Rxe7
Nxb3 22. Rxe8 Nxc1 23. Rxf8+ Kxf8 24. Nxh7+ Ke7 25. Bf5 Nxa2 26. Bxf4 Nb4 27.
Ng5 Ba6 28. b3 b5 29. cxb5 Bxb5 30. Ne6 Nbxd5 31. Bh2 g6 32. Bh3 Bd7 33. Ng5
Bxh3 34. Nxh3 Ne4 35. Nf4 Nxf4 36. Bxf4 d5 37. f3 Nd6 38. g4 Nf7 39. Kf2 Ke6 40.
Ke3 d4+ 41. Ke4 Nd8 42. Bd2 Nf7 43. b4 Nd6+ 44. Kd3 Kd5 45. bxc5 Kxc5 46. h5
gxh5 47. gxh5 Kd5 48. h6 Nf7 49. h7 Ke5 50. Bh6 Kf6 51. Bf4 Kg6 52. Kxd4 Kxh7
53. Kc5 Kg6 54. Bb8 a5 55. Kb5 Nd8 56. f4 Kf5 57. Kxa5 1/2-1/2

[Event "Xtracon Chess Open 2017"]
[Site "Helsingor DEN"]
[Date "2017.07.26"]
[Round "6.194"]
[White "Matsumura, Cocoro"]
[Black "Hein, Jacob"]
[Result "1-0"]
[WhiteElo "1621"]
[BlackElo "1479"]
[WhiteFideId "36087114"]
[BlackFideId "1402870"]
[EventDate "2017.07.22"]

1. e4 c6 2. d4 e5 3. Nf3 exd4 4. Qxd4 h6 5. Nc3 c5 6. Qd1 d6 7. Bc4 Bg4 8. Bxf7+
Kxf7 9. Ne5+ dxe5 10. Qxd8 Nf6 11. Qc7+ Nbd7 12. Qxb7 Bd6 13. Qb3+ Be6 14. Qb5
Rhb8 15. Qe2 Rb4 16. b3 c4 17. Ba3 Rb6 18. Bxd6 Rxd6 19. O-O Rc8 20. b4 Rb6 21.
a3 Ra8 22. Rfd1 a5 23. bxa5 Rxa5 24. Rdb1 Rxa3 25. Rxa3 Rxb1+ 26. Nxb1 Nc5 27.
Ra7+ Kg6 28. f3 Nh5 29. g3 Nd7 30. Ra6 Nc5 31. Rc6 1-0

[Event "Xtracon Chess Open 2017"]
[Site "Helsingor DEN"]
[Date "2017.07.26"]
[Round "6.195"]
[White "Gaure, Sigurd Lauvas"]
[Black "Aasen, Joakim"]
[Result "1-0"]
[WhiteElo "1619"]
[BlackElo "1386"]
[WhiteFideId "1524933"]
[BlackFideId "1539078"]
[EventDate "2017.07.22"]

1. e4 e6 2. d4 d5 3. e5 c5 4. c3 Nc6 5. a3 Qb6 6. Nf3 Bd7 7. b4 cxb4 8. cxb4
Nge7 9. Bb2 Nf5 10. h3 Be7 11. Be2 O-O 12. Bd3 g6 13. Bxf5 exf5 14. O-O Be6 15.
Qd2 Rfd8 16. Nc3 Rac8 17. Na4 Qc7 18. Rac1 Qd7 19. Nc5 Bxc5 20. Rxc5 Kg7 21. Bc1
Qe8 22. Qg5 Qf8 23. Qh4 Kg8 24. Bh6 Qe7 25. Bg5 Qf8 26. Rxc6 bxc6 27. Bh6 1-0

[Event "Xtracon Chess Open 2017"]
[Site "Helsingor DEN"]
[Date "2017.07.26"]
[Round "6.196"]
[White "Joensen, Jon Magnus"]
[Black "Hestholm, Gustav"]
[Result "1/2-1/2"]
[WhiteElo "1600"]
[BlackElo "1379"]
[WhiteFideId "7201915"]
[BlackFideId "1529153"]
[EventDate "2017.07.22"]

1. e4 d5 2. exd5 Qxd5 3. Nf3 Nf6 4. Be2 c6 5. d4 Bg4 6. O-O Nbd7 7. Bf4 e6 8. c4
Qa5 9. a3 Be7 10. Nc3 Nh5 11. b4 Qd8 12. Qd2 Bxf3 13. Bxf3 Nxf4 14. Qxf4 Bg5 15.
Qe4 Nf6 16. Qe5 Bh6 17. Rad1 O-O 18. Ne4 Nxe4 19. Bxe4 Qh4 20. g3 Qg5 21. Qxg5
Bxg5 22. f4 Be7 23. d5 cxd5 24. cxd5 exd5 25. Rxd5 Rfe8 26. Bf3 Rac8 27. Rd3 Rc7
28. b5 Bc5+ 29. Kg2 Rce7 30. Rfd1 b6 31. a4 g6 32. Rd7 Kg7 33. g4 Kf6 34. h4
Rxd7 35. Rxd7 Re7 36. Rxe7 Kxe7 37. Bd5 Bd6 38. Kf3 Bc5 39. Ke4 Bf2 40. h5 f5+
41. gxf5 gxh5 42. Ke5 Bh4 43. Bf3 Bf6+ 44. Kd5 h4 45. Bg4 Bc3 46. Bh3 Kf6 47.
Ke4 Be1 48. Bg4 Bg3 49. Bh3 h5 50. Bg2 1/2-1/2

[Event "Xtracon Chess Open 2017"]
[Site "Helsingor DEN"]
[Date "2017.07.26"]
[Round "6.197"]
[White "Tryggestad, Linnea Garberg"]
[Black "Nielsen, Bjorn"]
[Result "1-0"]
[WhiteElo "1597"]
[BlackElo "1353"]
[WhiteFideId "1518623"]
[BlackFideId "1416839"]
[EventDate "2017.07.22"]

1. d4 Nf6 2. Bg5 d5 3. Bxf6 exf6 4. c4 Bb4+ 5. Nc3 Bxc3+ 6. bxc3 dxc4 7. e3 O-O
8. Bxc4 Nc6 9. Ne2 Qe7 10. O-O b6 11. Ng3 Bb7 12. Bb3 Rad8 13. Bc2 Ne5 14. Qe2
Ng6 15. Qd3 a5 16. h4 h5 17. Nxh5 Rfe8 18. Ng3 Be4 19. Nxe4 Nxh4 20. Nd6 Ng6 21.
Nxe8 Rxe8 22. Qc4 Nf8 23. g3 g6 24. Kg2 Qd6 25. Rh1 Ne6 26. Rh2 Kf8 27. Rh8+ Ke7
28. Rxe8+ Kxe8 29. Ba4+ Ke7 30. Qc6 Qxc6+ 31. Bxc6 Nd8 32. d5 Kd6 33. Rh1 f5 34.
Rh8 Nxc6 35. dxc6 Kxc6 36. Rf8 Kb5 37. Rxf7 c6 38. Rg7 Kc5 39. Rxg6 b5 40. Rg5
Kc4 41. Rxf5 c5 42. g4 a4 43. g5 a3 44. g6 b4 45. cxb4 cxb4 46. g7 b3 47. g8=Q+
Kc3 48. Qxb3+ Kd2 49. Rd5+ Ke2 50. Qd1# 1-0

[Event "Xtracon Chess Open 2017"]
[Site "Helsingor DEN"]
[Date "2017.07.26"]
[Round "6.198"]
[White "Wahlgreen, Noah"]
[Black "Persson, Lars 1958"]
[Result "1/2-1/2"]
[WhiteElo "1315"]
[BlackElo "1590"]
[WhiteFideId "1457349"]
[BlackFideId "1742469"]
[EventDate "2017.07.22"]

1. e4 d6 2. f4 g6 3. Nf3 Bg7 4. d4 Bg4 5. Be2 e6 6. h3 Bxf3 7. Bxf3 Qh4+ 8. Kf1
Nc6 9. e5 dxe5 10. Bxc6+ bxc6 11. dxe5 Ne7 12. Qe1 Qxe1+ 13. Kxe1 O-O 14. Nc3
Rfd8 15. Be3 Nf5 16. Bf2 Bf8 17. a3 a6 18. Ke2 Nd4+ 19. Bxd4 Rxd4 20. Ke3 Rad8
21. Rad1 Bc5 22. Kf3 Rd2 23. Rc1 Rf2+ 24. Kg3 Rdd2 25. Ne4 Rxg2+ 26. Kf3 Rxc2
27. Nxc5 Rxb2 28. Nxa6 Rgd2 29. Rxc6 Rd3+ 30. Ke4 Rxa3 31. Rd1 Rxh3 32. Rxc7 Kg7
33. Rdd7 Re2+ 34. Kd4 Rd2+ 35. Ke4 Rxd7 1/2-1/2

[Event "Xtracon Chess Open 2017"]
[Site "Helsingor DEN"]
[Date "2017.07.26"]
[Round "6.199"]
[White "Rasmussen, Ole"]
[Black "Dahl, Ian"]
[Result "1/2-1/2"]
[WhiteElo "1577"]
[BlackElo "1347"]
[WhiteFideId "1417118"]
[BlackFideId "1520210"]
[EventDate "2017.07.22"]

1. Nf3 Nc6 2. e4 e5 3. Bb5 d6 4. O-O Bd7 5. Nc3 Nf6 6. Re1 a6 7. Bc4 Be7 8. d4
Bg4 9. dxe5 Nxe5 10. Be2 Bxf3 11. Bxf3 O-O 12. Bf4 Re8 13. Nd5 c6 14. Nxe7+ Qxe7
15. Qe2 d5 16. Kf1 Nxf3 17. gxf3 dxe4 18. fxe4 Nxe4 19. Bg3 Qe6 20. Rad1 Nxg3+
21. fxg3 Qf5+ 22. Qf2 Qb5+ 23. Kg1 Qxb2 24. Rf1 Qxa2 25. Rd7 f6 26. Rxg7+ Kxg7
27. Qxf6+ Kg8 28. Qg5+ Kh8 1/2-1/2

[Event "Xtracon Chess Open 2017"]
[Site "Helsingor DEN"]
[Date "2017.07.26"]
[Round "6.200"]
[White "Ronnestad, Liam Jansson"]
[Black "Cort Maleeva Hansen, Andreas Philip"]
[Result "1/2-1/2"]
[WhiteElo "1569"]
[BlackElo "1308"]
[WhiteFideId "1523384"]
[BlackFideId "1462636"]
[EventDate "2017.07.22"]

1. d4 d5 2. c4 c6 3. Nc3 dxc4 4. e3 b5 5. a4 b4 6. Ne4 f5 7. Nd2 c3 8. bxc3 bxc3
9. Nb1 Nf6 10. Nxc3 e6 11. Bc4 Bd7 12. Nge2 Bd6 13. Qb3 Qc8 14. Ba3 Bxa3 15.
Qxa3 Na6 16. O-O Nc7 17. Qd6 Kf7 18. Nf4 Re8 19. Nd3 Ncd5 20. Nxd5 cxd5 21. Ne5+
Kg8 22. Ba6 Qd8 23. Rfc1 Rb8 24. Rc7 Rb6 25. Qc5 Rxa6 26. Rxa7 Rxa7 27. Qxa7 Re7
28. Qc5 Re8 29. a5 Qc8 30. Qb4 Qc7 31. a6 Rc8 32. h3 Rb8 1/2-1/2

[Event "Xtracon Chess Open 2017"]
[Site "Helsingor DEN"]
[Date "2017.07.26"]
[Round "6.201"]
[White "Pouliart, Sander"]
[Black "Maselli, David"]
[Result "0-1"]
[WhiteElo "1236"]
[BlackElo "1568"]
[WhiteFideId "251062"]
[BlackFideId "2814159"]
[EventDate "2017.07.22"]

1. e4 g6 2. d4 Bg7 3. f4 d6 4. Nc3 Nf6 5. Be3 O-O 6. Qd2 c6 7. a4 a5 8. Nf3 Ng4
9. O-O-O Bd7 10. d5 Nxe3 11. Qxe3 cxd5 12. Nxd5 Nc6 13. Nb6 Rb8 14. Bb5 Bg4 15.
e5 Re8 16. h3 Bxf3 17. gxf3 Qc7 18. Nd5 Qc8 19. Nb6 Qf5 20. Bd3 Qh5 21. e6 f5
22. Rdg1 Bd4 23. Qe2 Bxb6 24. Rg5 Nd4 25. Qg2 Qh6 26. Bxf5 Nxf5 27. Rxf5 Rf8 28.
Rxf8+ Rxf8 29. Kb1 Qxf4 30. Rf1 Qxa4 31. Qg5 Rf6 32. f4 Be3 0-1

[Event "Xtracon Chess Open 2017"]
[Site "Helsingor DEN"]
[Date "2017.07.26"]
[Round "6.202"]
[White "Hina, Ariza"]
[Black "Jacobsen, Stig Jerlow"]
[Result "1/2-1/2"]
[WhiteElo "1555"]
[BlackElo "1209"]
[WhiteFideId "1525441"]
[BlackFideId "1519816"]
[EventDate "2017.07.22"]

1. e4 d5 2. exd5 Nf6 3. Nc3 Nxd5 4. d4 Bf5 5. Bc4 Nxc3 6. bxc3 e6 7. Nf3 Be7 8.
Bf4 Nd7 9. O-O O-O 10. Bb3 Bd6 11. Bg5 Be7 12. Bxe7 Qxe7 13. d5 Nc5 14. dxe6
Nxb3 15. exf7+ Rxf7 16. cxb3 Bg4 17. Re1 Qf8 18. Re3 Bxf3 19. Rxf3 Rxf3 20. Qxf3
Qxf3 21. gxf3 Rd8 22. Re1 Kf7 23. Re2 g6 24. Kg2 h5 25. Kg3 Kf6 26. c4 a6 27. f4
c6 28. f3 Rd3 29. c5 Rd7 30. Re4 Rd5 31. b4 Rd2 32. a4 Rd7 33. a5 Kf5 34. h3 Kf6
35. Re5 Rd4 36. Re4 Rd7 37. Kf2 Rd3 38. Re3 Rd2+ 39. Kg3 Rd4 40. Re4 Rd7 41. Kf2
Rd2+ 42. Ke3 Rd7 43. h4 Rd5 44. Rd4 Rxd4 45. Kxd4 Kf5 46. Ke3 Kf6 47. Ke4 Ke6 1/2-1/2

[Event "Xtracon Chess Open 2017"]
[Site "Helsingor DEN"]
[Date "2017.07.26"]
[Round "6.203"]
[White "Jacobsen, Fredrik Lytomt"]
[Black "Erikstad, Anders"]
[Result "0-1"]
[WhiteElo "1551"]
[BlackElo "1166"]
[WhiteFideId "1519808"]
[BlackFideId "1530445"]
[EventDate "2017.07.22"]

1. d4 d5 2. Nc3 e6 3. Bf4 Nf6 4. Qd2 Bb4 5. f3 Nc6 6. a3 Ba5 7. O-O-O Qe7 8. e3
a6 9. Bd3 b5 10. b4 Bb6 11. Nge2 a5 12. Bxb5 Bd7 13. Bxc6 Bxc6 14. Na2 Bb5 15.
Nec3 Bc4 16. Kb2 axb4 17. Nxb4 O-O 18. e4 c5 19. dxc5 Bxc5 20. e5 Bxb4 21. exf6
Bxa3+ 22. Kb1 Qb4+ 23. Ka1 Qb2# 0-1

[Event "Xtracon Chess Open 2017"]
[Site "Helsingor DEN"]
[Date "2017.07.26"]
[Round "6.204"]
[White "Stage, Mathias Juul"]
[Black "Joa, Vegard"]
[Result "1-0"]
[WhiteElo "1544"]
[BlackElo "1105"]
[WhiteFideId "1463306"]
[BlackFideId "1523490"]
[EventDate "2017.07.22"]

1. Nf3 d6 2. g3 Bg4 3. Bg2 Bxf3 4. Bxf3 c6 5. O-O e5 6. Nc3 Nf6 7. d3 d5 8. Bg5
Nbd7 9. e4 d4 10. Ne2 Be7 11. c3 c5 12. Bg2 O-O 13. cxd4 cxd4 14. f4 Ng4 15.
Bxe7 Qxe7 16. Qb3 Nc5 17. Qa3 Ne3 18. Rfc1 b6 19. Bh3 Qd6 20. fxe5 Qxe5 21. Nf4
f5 22. b4 Nb7 23. exf5 Nxf5 24. Bg2 Qe3+ 25. Kh1 Rf7 26. Bd5 Nfd6 27. Bxf7+ Kxf7
28. Rc7+ Kf6 29. Nd5+ 1-0

[Event "Xtracon Chess Open 2017"]
[Site "Helsingor DEN"]
[Date "2017.07.26"]
[Round "6.205"]
[White "Schouten, Ken Ronny"]
[Black "Jacobsen, Caroline Beer"]
[Result "1-0"]
[WhiteElo "1225"]
[BlackElo "1538"]
[WhiteFideId "1533010"]
[BlackFideId "1510649"]
[EventDate "2017.07.22"]

1. e4 e5 2. Nf3 Nc6 3. g3 Be7 4. Bg2 d6 5. d3 Bg4 6. h3 Be6 7. O-O Qd7 8. Kh2 h6
9. b3 g5 10. Qd2 Nf6 11. Ng1 O-O-O 12. c4 Rdg8 13. Nc3 Nd4 14. Nd5 Bd8 15. Nxf6
Bxf6 16. Ne2 g4 17. Nxd4 gxh3 18. Nxe6 hxg2 19. Kxg2 fxe6 20. Qe3 Kb8 21. Qf3
Qe7 22. Rh1 Bg5 23. Rh5 Rh7 24. Bxg5 Rxg5 25. Rah1 Rg6 26. R1h4 Qd8 27. Qe3 Qf8
28. Qf3 Rf6 29. Qe3 Rhf7 30. f3 Rxf3 31. Qxh6 Rf2+ 32. Kh3 Rxa2 33. Qh8 Rff2 34.
Qxf8+ Rxf8 35. Rh8 Rf2 36. Rxf8+ Rxf8 37. g4 a5 38. g5 Rg8 39. Rg4 Rh8+ 40. Kg3
c6 41. g6 b5 42. g7 Rg8 43. cxb5 cxb5 44. Kh4 a4 45. bxa4 bxa4 46. Kh5 a3 47.
Kh6 a2 48. Rg1 Kc7 49. Ra1 Kd7 50. Rxa2 Ke7 51. Kh7 Rb8 52. g8=Q Rxg8 53. Kxg8 1-0

[Event "Xtracon Chess Open 2017"]
[Site "Helsingor DEN"]
[Date "2017.07.26"]
[Round "6.206"]
[White "Morling, Aase"]
[Black "Mansoor, Areeb"]
[Result "1-0"]
[WhiteElo "1512"]
[BlackElo "1059"]
[WhiteFideId "1440993"]
[BlackFideId "1535870"]
[EventDate "2017.07.22"]

1. e4 e5 2. Nf3 Nc6 3. Bc4 Nf6 4. O-O Bc5 5. d4 exd4 6. e5 Ng4 7. Bf4 d5 8. exd6
cxd6 9. Bb5 O-O 10. Bxc6 bxc6 11. Nxd4 Bxd4 12. Qxd4 d5 13. h3 Nf6 14. Nc3 Ba6
15. Rfe1 h6 16. Re3 Qd7 17. Rg3 Nh5 18. Bxh6 f6 19. Rg6 Qf5 20. Qg4 Bc8 21.
Rxg7+ Kh8 22. Qxf5 Bxf5 23. Rc7 Rab8 24. g4 Bxc2 25. gxh5 Bd3 26. Bg7+ Kg8 27.
Bxf6 Rxb2 28. Rxc6 Kh7 29. Bd4 Rg8+ 30. Kh2 Rc2 31. Rg1 Rf8 32. Rc7+ Kh6 33.
Bg7+ Kh7 34. Bxf8+ Kh8 35. Nxd5 Rxf2+ 36. Rg2 Rxf8 37. Rd2 Be4 38. Rxa7 Rd8 39.
Ra5 Rd7 40. a4 Rd8 41. Rc5 Bf3 42. Kg3 Be4 43. a5 Rg8+ 44. Kf4 Bh7 45. Nf6 Rf8
46. Kg5 Kg7 47. Rd7+ Rf7 48. Rxf7+ Kxf7 49. Rc7+ Ke6 50. Nxh7 Ke5 51. a6 Kd6 52.
Rg7 Ke5 53. a7 Ke4 54. a8=Q+ Ke3 55. Re7+ Kf2 56. Qa3 Kg1 57. Re1+ 1-0

[Event "Xtracon Chess Open 2017"]
[Site "Helsingor DEN"]
[Date "2017.07.26"]
[Round "6.207"]
[White "Schjolin, John"]
[Black "Joa, Sander"]
[Result "0-1"]
[WhiteElo "1145"]
[BlackElo "1480"]
[WhiteFideId "1439413"]
[BlackFideId "1523481"]
[EventDate "2017.07.22"]

1. c4 d5 2. e3 c6 3. Nf3 Bf5 4. d4 Nf6 5. h3 h5 6. Ne5 Nbd7 7. Bd3 Bxd3 8. Nxd7
dxc4 9. Ne5 Bxb1 10. Rxb1 Qa5+ 11. Bd2 Qxa2 12. Nxc4 Qxc4 13. b3 Qd5 14. f3 e6
15. O-O Qd7 16. Rc1 Qc7 17. e4 Be7 18. e5 Nd5 19. Ra1 O-O 20. f4 g6 21. Be1 Ne3
22. Qe2 Nxf1 23. Kxf1 Qb6 24. Qd3 Qb5 25. Qxb5 cxb5 0-1

[Event "Xtracon Chess Open 2017"]
[Site "Helsingor DEN"]
[Date "2017.07.26"]
[Round "6.208"]
[White "Kvamme, Thomas Jordre"]
[Black "Hestholm, Freddy"]
[Result "1-0"]
[WhiteElo "1327"]
[BlackElo "1249"]
[WhiteFideId "1523368"]
[BlackFideId "1529951"]
[EventDate "2017.07.22"]

1. d4 Nf6 2. Nf3 e6 3. Bf4 c5 4. c3 Qb6 5. Qc2 Nc6 6. e3 Nh5 7. Bg5 Be7 8. Be2
Bxg5 9. Nxg5 Nf6 10. O-O d5 11. Nd2 Ne7 12. Rab1 a6 13. b4 cxd4 14. cxd4 O-O 15.
b5 a5 16. a4 Bd7 17. Nb3 Rac8 18. Qd3 h6 19. Nf3 Ne4 20. Ne5 Rfd8 21. Rbc1 f6
22. Nxd7 Rxd7 23. Rxc8+ Nxc8 24. f3 Ng5 25. Nc5 Rc7 26. f4 Ne4 27. Nxe4 dxe4 28.
Qxe4 f5 29. Qd3 Nd6 30. d5 Rc4 31. dxe6 Re4 32. Rf3 Rxe6 33. Qb3 Kf8 34. Qxe6 1-0